STATISTICS THE EXPLORATION AND ANALYSIS (Record no. 26885)
[ view plain ]
| 000 -LEADER | |
|---|---|
| fixed length control field | 00375nam a2200145Ia 4500 |
| 008 - FIXED-LENGTH DATA ELEMENTS--GENERAL INFORMATION | |
| fixed length control field | 240624s9999 xx 000 0 und d |
| 041 ## - LANGUAGE CODE | |
| Language code of text/sound track or separate title | eng |
| 082 ## - DEWEY DECIMAL CLASSIFICATION NUMBER | |
| Classification number | 519.5 PEC |
| 100 ## - MAIN ENTRY--PERSONAL NAME | |
| Personal name | PECK ROXY |
| 245 ## - TITLE STATEMENT | |
| Title | STATISTICS THE EXPLORATION AND ANALYSIS |
| 250 ## - EDITION STATEMENT | |
| Edition statement | (7th ed.) |
| 260 ## - PUBLICATION, DISTRIBUTION, ETC. | |
| Date of publication, distribution, etc. | 2012 |
| Place of publication, distribution, etc. | Australia |
| Name of publisher, distributor, etc. | Cengage Learning |
| 300 ## - PHYSICAL DESCRIPTION | |
| Extent | xx, : 788 : p. : cm. ; 27 |
| 365 ## - TRADE PRICE | |
| Currency code | |
| Price amount | 25 |
| Withdrawn status | Lost status | Damaged status | Not for loan | Home library | Current library | Shelving location | Date acquired | Source of acquisition | Cost, normal purchase price | Full call number | Barcode | Date last seen | Copy number | Price effective from | Koha item type |
|---|---|---|---|---|---|---|---|---|---|---|---|---|---|---|---|
| IMTN | IMTN | Rack 19-A | 03/08/2016 | WBD | 325.95 | 519.5 PEC | 26885 | 06/24/2024 | 70.2 | 06/24/2024 | Books |